000
00192nam a2200097Ia 4500
100
_a
Kumbhojkar- G.V
942
_c
BK
245
_a
Engineering Mathematics II
260
_c
2021
082
_b
kum
999
_c
35844
_d
35844